| 000 | 01852nam a2200337 a 4500 | ||
|---|---|---|---|
| 001 | 000008722 | ||
| 003 | OCoLC | ||
| 005 | 20240520133504.0 | ||
| 008 | 090907s1987 ve 001 0 spa d | ||
| 020 | _a9802760439 | ||
| 020 | _a9789802760435 | ||
| 035 | _a(OCoLC)435999708 | ||
| 040 |
_aDO-SdBNP _bspa _cBNPHU |
||
| 082 |
_a335.12 _bU91s, 1987 |
||
| 245 | 0 | 0 |
_aUtopismo socialista (1830-1893) / _cprólogo, selección, notas y cronología Carlos M. Rama. |
| 250 | _a2a ed. | ||
| 260 |
_aCaracas : _bBiblioteca Ayacucho, _c1987. |
||
| 300 |
_a277 p. ; _c24 cm. |
||
| 490 | 1 |
_aBiblioteca Ayacucho _v26 |
|
| 500 | _aIncluye cronología | ||
| 504 | _aIncluye referencias bibliográficas y notas al pie de las páginas | ||
| 505 | 0 | _aEl utopismo socialista en América Latina / Carlos M. Rama -- Criterio de esta edición -- Utopismo latinoamericano / Flora Tristán -- Peregrinaciones de una paria / Esteban Echeverría -- El dogma socialista / Domingo Faustino Sarmiento -- El fourierismo según Tandonnet / Santiago Arcos Arlegui -- Carta a Francisco Bilbao / José Ignacio Abreu e Lima -- El socialismo -- Proyectos utópicos en América Latina / Robert Owen --- Petición a la República de México / Plotino C. Rhodakanaty --- Cartilla socialista / Víctor Considérant -- Cartas al mariscal Bazaine / Albert Kinsey Owen --- El sueño de una ciudad ideal / Giovanni Rossi -- Cecilia: una comuna socialista -- Un episodio de amor en la colonia socialista Cecilia -- Cronología. | |
| 650 | 4 |
_aSocialismo en américa latina _923224 |
|
| 650 | 4 |
_aUtopías _xHistoria _923225 |
|
| 650 | 0 |
_aMovimientos sociales _923226 |
|
| 700 | 1 |
_aRama, Carlos M., _d1921- 1982, _epról. _923227 |
|
| 830 | 0 |
_aBiblioteca Ayacucho _n26 _923228 |
|
| 910 | _aValidado. Control de calidad BNPHU | ||
| 994 |
_aC0 _bBNPHU |
||
| 999 | 9 | 9 |
_a1 _n0000140 _c8492 _d8492 |
| 049 |
_aBNPD _c1 [005080] |
||